000 00580 a2200217 4500
005 20260202164002.0
008 260202b |||||||| |||| 00| 0 eng d
020 _a9789354613791
_cRs. 3995.00
040 _aMAIN
082 _a628
_bB542G
100 _aBiswal, Anil Kumar, ed.
245 _aGreen technology for environment management
260 _bDaya Publishing House
_c2023
_aNew Delhi
300 _ax, 505
650 _aEngineering
650 _aSanitary
650 _aEnvironmental Science
650 _aBiodiversity
700 _aThatoi, H N, ed.
942 _cBK
999 _c395715
_d395715